Conhecimentos gerais do Ceará - Statistics

Estatísticas Gerais
  • Esse quiz foi jogado 87 vezes
  • A pontuação média é 10 de 21
Estatísticas das Respostas
Hint Resposta % Correto
Qual a capital do Ceará? Fortaleza
100%
Qual é o bioma predominante no Ceará? Caatinga
84%
Em que cidade está localizada a estátua do Padre Cícero Juazeiro do Norte
72%
Que estádio de futebol do estado foi usado para jogos da Copa do Mundo da FIFA de 2014? Estádio Governador Plácido Castelo
66%
Em Qual cidade do estado foi comprovada a Teoria da Relatividade Geral de Einstein? Sobral
66%
Praia mais famosa do Ceará? Praia de Jericoacoara
60%
Em que cidade o Padre Cícero nasceu? Crato
59%
Qual é o aeroporto internacional de Fortaleza? Aeroporto Internacional Pinto Martins
57%
Qual fruta é símbolo do estado? Caju
53%
Quem escreveu o romance "O Quinze"? Rachel de Queiroz
50%
Que escritor cearense é considerado o principal e mais importante escritor do romantismo no Brasil José de Alencar
44%
Qual é o principal rio que corta o Ceará? Rio Jaguaribe
38%
Qual o apelido do estado? Terra da Luz
35%
Qual foi a primeira capital do Ceará? Aquiraz
34%
Em que serra do Ceará, está localizada a cidade "Guaramiranga" Serra de Baturité
34%
Qual poeta cearense é considerado o mais importante do estado? Patativa do Assaré
28%
Qual a maior praia do Ceará? Praia do Futuro
26%
Qual cidade foi a primeira no Brasil à abolir a escravidão Redenção
26%
Qual é o ponto mais alto do Ceará? Pico da Serra Branca
9%
Em que ano o estado foi desmembrado da capitania de Pernambuco? 1799
6%
Quem foi "Dragão do Mar"? Francisco José do Nascimento
6%
Nenhum quiz correspondente encontrado
Distribuição das Pontuações
Porcentagem de Pessoas com Cada Pontuação
Percentil de Números Respondidos
Sua Pontuação Histórica
Você não jogou esse quiz